000 00840nam a22002057a 4500
999 _c21988
_d21988
003 AR-CdUCM
008 190425b ||||| |||| 00| 0 spa d
040 _aMUNICIPALIDAD PROVINCIAL DEL CUSCO
_cBIBLIOTECA MUNICIPAL DEL CUSCO
082 _aRev.Juri/N°2/1993
245 _aRevista Jurídica :
_bFacultades de Derecho del Sur /
260 _aCusco.
_b[Facultades de Derecho del Sur],
_c1993.
300 _a281 páginas. :
_c21 cm.
440 _aRevista Jurídica temas de Derecho de Facultades del Sur.
_nN° 2.1993
_947077
505 _aContenido: Caracteres del Derecho de Propiedad. Carlos Ferdinand Cuadros Villena. -- La guarda y la adopción de menores. Octavio Concha Mora...
650 _aDerecho
_9739
650 _aCiencias Jurídicas
_915945
700 _aCuadros, Carlos Ferdinand
_929707
942 _2ddc
_cPP
945 _arac